[Event "Cairo Al Ain op"]
[Site "Cairo"]
[Date "2023.11.30"]
[Round "6"]
[White "Youssef, Yousab"]
[Black "El Amary, Kamal"]
[Result "0-1"]
[WhiteElo "1591"]
[BlackElo "1961"]
[PlyCount "102"]
[EventDate "2023.11.27"]
[EventType "swiss"]
[EventRounds "10"]
[EventCountry "EGY"]
[SourceTitle "CB49_2023"]
[SourceDate "2023.12.06"]
[SourceVersion "1"]
[SourceVersionDate "2023.12.06"]
[SourceQuality "1"]

1. d4 c5 2. c3 e6 3. Nf3 Nf6 4. Bf4 Nc6 5. e3 d5 6. Nbd2 Be7 7. Bd3 a6 8. Ne5 Nd7 9. Ndf3 Ncxe5 10. Nxe5 Nf6 11. 0-0 h6 12. Bg3 Bd7 13. a4 c4 14. Bc2 b5 15. Qe2 b4 16. cxb4 Bxb4 17. f4 0-0 18. Bh4 Be7 19. Bxf6 Bxf6 20. Qh5 Rb8 21. Ra2 Bxe5 22. fxe5 f5 23. Rf3 Qg5 24. Qxg5 hxg5 25. h3 Rb4 26. Rf2 Rfb8 27. Bd1 a5 28. Kh2 Rc8 29. Ra3 Rcb8 30. Ra2 g6 31. Kg3 Kg7 32. Kf3 Bc6 33. Kg3 Rf8 34. Ra3 f4+ 35. exf4 Rxf4 36. Rxf4 gxf4+ 37. Kxf4 Rxb2 38. Bg4 Rb3 39. Ra2 Rd3 40. Bxe6 Rxd4+ 41. Kg5 Re4 42. Bg4 Rxe5+ 43. Kf4 Re4+ 44. Kg5 c3 45. Rc2 d4 46. Bf3 Re5+ 47. Kf4 Rf5+ 48. Kg3 Bxf3 49. gxf3 Rc5 50. Kf2 d3 51. Rc1 d2 0-1

[Event "Cairo Al Ain op"]
[Site "Cairo"]
[Date "2023.11.28"]
[Round "3"]
[White "Azab, Yehya"]
[Black "El Amary, Kamal"]
[Result "0-1"]
[WhiteElo "1654"]
[BlackElo "1961"]
[PlyCount "25"]
[EventDate "2023.11.27"]
[EventType "swiss"]
[EventRounds "10"]
[EventCountry "EGY"]
[SourceTitle "CB49_2023"]
[SourceDate "2023.12.06"]
[SourceVersion "1"]
[SourceVersionDate "2023.12.06"]
[SourceQuality "1"]

1. Nf3 Nf6 2. g3 d5 3. Bg2 g6 4. 0-0 Bg7 5. c4 c6 6. d4 0-0 7. Nc3 dxc4 8. Qc2 Na6 9. e4 b5 10. Ne5 Nb4 11. Qd1 Nd7 12. Nf3 Nd3 13. Ne1 0-1

[Event "Golden Cleopatra op"]
[Site "Cairo"]
[Date "2016.12.15"]
[Round "3"]
[White "Yehya, Sameh"]
[Black "El Amary, Kamal"]
[Result "0-1"]
[WhiteElo "2043"]
[BlackElo "2252"]
[PlyCount "55"]
[EventDate "2016.12.13"]
[EventType "swiss"]
[EventRounds "10"]
[EventCountry "EGY"]
[SourceTitle "CBM 176 Extra"]
[Source "ChessBase"]
[SourceDate "2017.03.02"]
[SourceVersion "1"]
[SourceVersionDate "2017.03.02"]
[SourceQuality "1"]

1. e4 c5 2. Nf3 e6 3. d4 cxd4 4. Nxd4 Nf6 5. Bd3 Nc6 6. Nxc6 bxc6 7. 0-0 d5 8. Nd2 Be7 9. f4 dxe4 10. Nxe4 Qd5 11. Nf2 Bc5 12. c3 Qd7 13. Qf3 a5 14. Kh1 Ba6 15. Rd1 Bxd3 16. Nxd3 Rd8 17. Be3 Bxe3 18. Qxe3 0-0 19. Qb6 Nd5 20. Qd4 Qb7 21. Qf2 Rb8 22. c4 Nf6 23. b3 Rfd8 24. Kg1 Qc7 25. h3 Ne4 26. Qe3 Nd6 27. Ne5 Nf5 28. Qf2 0-1

[Event "Cairo Egyptian op"]
[Site "Cairo"]
[Date "2016.04.26"]
[Round "7"]
[White "El Amary, Kamal"]
[Black "Hussain, Abdel Naser"]
[Result "1-0"]
[WhiteElo "2281"]
[BlackElo "1884"]
[PlyCount "57"]
[EventDate "2016.04.22"]
[EventType "swiss"]
[EventRounds "9"]
[EventCountry "EGY"]
[SourceTitle "CBM 172 Extra"]
[Source "ChessBase"]
[SourceDate "2016.06.21"]
[SourceVersion "1"]
[SourceVersionDate "2016.06.21"]
[SourceQuality "1"]

1. d4 Nf6 2. Nf3 b6 3. g3 Bb7 4. Bg2 e6 5. 0-0 c5 6. c4 cxd4 7. Qxd4 Bc5 8. Qh4 Na6 9. Nc3 Rc8 10. Nb5 Be7 11. Bg5 0-0 12. Nxa7 h6 13. Nxc8 Qxc8 14. Bxf6 Bxf6 15. Qf4 Nc5 16. Rad1 Ne4 17. b3 d6 18. Qc1 Qc5 19. Rd3 Ra8 20. Nd2 Bg5 21. Bxe4 Bxd2 22. Qxd2 Bxe4 23. Rxd6 Kh7 24. Qd4 Qf5 25. a4 Rb8 26. Rxb6 Re8 27. f3 Bc2 28. Rb5 Qg6 29. Re5 1-0

[Event "Tanta op 5th"]
[Site "Tanta"]
[Date "2002.05.18"]
[Round "5"]
[White "Rahman, Yehya"]
[Black "El Amary, Kamal"]
[Result "1-0"]
[WhiteElo "2345"]
[BlackElo "2238"]
[PlyCount "78"]
[EventDate "2002.05.13"]
[EventType "swiss"]
[EventRounds "9"]
[EventCountry "EGY"]
[SourceTitle "CBM 088 Extra"]
[Source "ChessBase"]
[SourceDate "2002.07.01"]
[SourceVersion "2"]
[SourceVersionDate "2002.07.01"]
[SourceQuality "1"]

1. d4 c5 2. d5 e6 3. c4 exd5 4. cxd5 d6 5. Nc3 Be7 6. Nf3 a6 7. a4 Bf6 8. Nd2 Ne7 9. Nde4 Ng6 10. Nxf6+ Qxf6 11. e4 0-0 12. Be3 Re8 13. Qd2 h6 14. f4 b6 15. Bc4 Qh4+ 16. g3 Qe7 17. 0-0 Bh3 18. Rfe1 Nd7 19. Qd3 a5 20. Bf2 Nf6 21. Qd2 Ng4 22. Bb5 Red8 23. Rad1 Rac8 24. Bc4 Kh8 25. e5 Nxf2 26. Qxf2 dxe5 27. f5 Nf8 28. Ne4 Nh7 29. Bb5 Nf6 30. d6 Qb7 31. d7 Rb8 32. Nd6 Qc7 33. Nxf7+ Kh7 34. Nxe5 Rf8 35. Qf3 c4 36. g4 Qc5+ 37. Kh1 Nxg4 38. Nxg4 Bxg4 39. Qxg4 Rbd8 1-0

[Event "Tanta op 5th"]
[Site "Tanta"]
[Date "2002.05.14"]
[Round "2"]
[White "El Amary, Kamal"]
[Black "Vysochin, Spartak"]
[Result "0-1"]
[WhiteElo "2238"]
[BlackElo "2545"]
[PlyCount "92"]
[EventDate "2002.05.13"]
[EventType "swiss"]
[EventRounds "9"]
[EventCountry "EGY"]
[SourceTitle "CBM 088 Extra"]
[Source "ChessBase"]
[SourceDate "2002.07.01"]
[SourceVersion "2"]
[SourceVersionDate "2002.07.01"]
[SourceQuality "1"]

1. d4 d5 2. c4 c6 3. Nc3 Nf6 4. e3 a6 5. Nf3 b5 6. cxd5 cxd5 7. Bd3 Bb7 8. a4 b4 9. Ne2 e6 10. 0-0 Bd6 11. b3 Nbd7 12. Bb2 Qb8 13. Ng3 h5 14. Re1 h4 15. Nf1 Ne4 16. Rc1 f5 17. h3 Ke7 18. Re2 g5 19. Rec2 Kf6 20. Bxe4 dxe4 21. N3d2 Bd5 22. f3 Kg6 23. fxe4 fxe4 24. Nc4 Rf8 25. Rf2 Rxf2 26. Kxf2 Bh2 27. Nxh2 Qxh2 28. Qg1 Rf8+ 29. Ke2 Qxg1 30. Rxg1 Bxc4+ 31. bxc4 Nb6 32. c5 Nxa4 33. Ba1 b3 34. Rb1 Rb8 35. Bb2 a5 36. Kd2 e5 37. Bc3 exd4 38. exd4 e3+ 39. Kd3 Nxc3 40. Kxc3 a4 41. c6 Kf5 42. Kc4 b2 43. d5 a3 44. c7 Rc8 45. Kb3 Rxc7 46. Kxa3 Rc2 0-1

[Event "Golden Cleopatra op 6th"]
[Site "Cairo"]
[Date "2002.04.16"]
[Round "10"]
[White "Kopylov, Michael"]
[Black "El Amary, Kamal"]
[Result "0-1"]
[WhiteElo "2418"]
[BlackElo "2243"]
[PlyCount "88"]
[EventDate "2002.04.07"]
[EventType "swiss"]
[EventRounds "11"]
[EventCountry "EGY"]
[SourceTitle "CBM 087 Extra"]
[Source "ChessBase"]
[SourceDate "2002.05.03"]
[SourceVersion "2"]
[SourceVersionDate "2002.08.09"]
[SourceQuality "1"]

1. d4 c5 2. e4 cxd4 3. c3 d3 4. c4 Nc6 5. Nc3 Nf6 6. Bxd3 e6 7. Nf3 Qc7 8. 0-0 a6 9. Qe2 Ng4 10. g3 Bc5 11. a3 h5 12. Bf4 d6 13. Rad1 Nge5 14. Bb1 Nxf3+ 15. Qxf3 e5 16. Nd5 Qd8 17. b4 Ba7 18. Qc3 Nd4 19. Kh1 Bh3 20. Rfe1 Bg4 21. Rd3 exf4 22. Rxd4 Bxd4 23. Qxd4 0-0 24. Nxf4 Qe7 25. h3 Qe5 26. Qd3 Be6 27. Rd1 Rfd8 28. Kg2 h4 29. Nxe6 Qxe6 30. g4 Rac8 31. Ba2 b5 32. Qd4 g5 33. Qd2 Qe5 34. cxb5 axb5 35. Bd5 Rc3 36. Re1 Rdc8 37. Re3 Rxe3 38. Qxe3 Rc3 39. Qa7 Qf4 40. e5 dxe5 41. Qb6 Kg7 42. Qa7 Rd3 43. Qb7 Rd2 44. Bf3 Qg3+ 0-1

[Event "Australian op"]
[Site "Canberra"]
[Date "2001.01.06"]
[Round "9"]
[White "Smerdon, David"]
[Black "El Amary, Kamal"]
[Result "1-0"]
[WhiteElo "2315"]
[BlackElo "2113"]
[PlyCount "49"]
[EventDate "2000.12.30"]
[EventType "swiss"]
[EventRounds "11"]
[EventCountry "AUS"]
[SourceTitle "EXT 2002"]
[Source "ChessBase"]
[SourceDate "2001.11.25"]
[SourceVersion "1"]
[SourceVersionDate "2001.11.25"]
[SourceQuality "1"]

1. e4 d5 2. exd5 Nf6 3. Nc3 Nxd5 4. Bc4 Nxc3 5. Qf3 e6 6. dxc3 Bd6 7. Qh5 Qf6 8. Nf3 Qg6 9. Qh3 Qe4+ 10. Be2 Bf4 11. Qg4 g5 12. Nxg5 Bd2+ 13. Bxd2 Qxg4 14. Bxg4 Rg8 15. Bf3 Nd7 16. 0-0-0 a5 17. Bh5 Ne5 18. Rhe1 Ng6 19. Nxh7 Rh8 20. Bg5 Ne7 21. Nf6+ Kf8 22. Rd8+ Kg7 23. Ne8+ Rxe8 24. Rxe8 Ng6 25. Re3 1-0

[Event "Dubai op"]
[Site "Dubai"]
[Date "1999.05.07"]
[Round "7"]
[White "El Arousy, Abdul Hameed"]
[Black "El Amary, Kamal"]
[Result "1-0"]
[WhiteElo "2335"]
[BlackElo "2110"]
[PlyCount "91"]
[EventDate "1999.05.??"]
[EventType "swiss"]
[EventRounds "9"]
[EventCountry "UAE"]
[SourceTitle "CBM 070 Extra"]
[Source "ChessBase"]
[SourceDate "1999.07.10"]
[SourceVersion "1"]
[SourceVersionDate "1999.07.10"]
[SourceQuality "1"]

1. d4 Nf6 2. c4 c5 3. d5 b5 4. cxb5 a6 5. bxa6 Bxa6 6. Nc3 g6 7. Nf3 d6 8. e4 Bxf1 9. Kxf1 Nbd7 10. g3 Bg7 11. Kg2 0-0 12. h3 Qb6 13. Re1 Rfb8 14. Re2 Ne8 15. Bg5 h6 16. Bf4 g5 17. Be3 Nc7 18. Rc1 Nb5 19. Nxb5 Qxb5 20. b3 Rb7 21. Rcc2 Rba7 22. Ne1 Qb4 23. Bc1 Qb5 24. Kh2 Nf8 25. f4 Nh7 26. Ng2 Qd7 27. Ne3 e6 28. Nc4 Rd8 29. Qd3 e5 30. fxe5 dxe5 31. Qf3 f5 32. exf5 Qxd5 33. Qxd5+ Rxd5 34. Nb6 Rd3 35. Rxc5 e4 36. Rd5 Bd4 37. Rd8+ Kf7 38. Rd7+ Rxd7 39. Nxd7 Ke7 40. Nb8 Kd6 41. Rxe4 Kd5 42. Re6 Rc3 43. Ba3 Rc2+ 44. Kh1 Nf6 45. Na6 Bc3 46. Nc7+ 1-0

[Event "Dubai op"]
[Site "Dubai"]
[Date "1999.05.02"]
[Round "2"]
[White "El Amary, Kamal"]
[Black "Medvegy, Nora"]
[Result "0-1"]
[WhiteElo "2110"]
[BlackElo "2294"]
[PlyCount "122"]
[EventDate "1999.05.??"]
[EventType "swiss"]
[EventRounds "9"]
[EventCountry "UAE"]
[SourceTitle "CBM 070 Extra"]
[Source "ChessBase"]
[SourceDate "1999.07.10"]
[SourceVersion "1"]
[SourceVersionDate "1999.07.10"]
[SourceQuality "1"]

1. d4 Nf6 2. Nf3 e6 3. g3 b6 4. Bg2 Bb7 5. c4 Be7 6. Nc3 Ne4 7. Nxe4 Bxe4 8. 0-0 0-0 9. Bf4 d6 10. Ne1 Bxg2 11. Nxg2 Nd7 12. Qa4 c5 13. dxc5 Nxc5 14. Qc2 Qc7 15. Rac1 Rac8 16. Rfd1 a5 17. Be3 Qc6 18. Bxc5 bxc5 19. Rd3 Rb8 20. Ne3 Rb4 21. a3 Rb6 22. Rb3 Rfb8 23. Rxb6 Qxb6 24. Nd1 Bg5 25. e3 Bf6 26. Qd3 h5 27. h4 Qb3 28. Qxb3 Rxb3 29. Kf1 Kf8 30. Rc2 Ke7 31. Ke2 Kd7 32. Kd2 Kc6 33. Kc1 d5 34. cxd5+ exd5 35. Rd2 Be5 36. Kc2 c4 37. Kc1 f6 38. f4 Bd6 39. Rc2 Bc5 40. Kd2 Rb8 41. Ke2 Re8 42. Kf3 f5 43. Ke2 Bd4 44. Kf2 Bf6 45. Ke2 Kc5 46. Kd2 Re6 47. Kc1 a4 48. Re2 Re8 49. Kd2 Rb8 50. Ke1 Rb3 51. Rc2 Kd6 52. Kd2 Rb6 53. Kc1 Kc5 54. Kd2 Rb3 55. Kc1 d4 56. exd4+ Bxd4 57. Nc3 Bxc3 58. Rxc3 Rxc3+ 59. bxc3 Kd5 60. Kd2 Ke4 61. Ke2 g6 0-1

[Event "Algarve"]
[Site "Algarve"]
[Date "1995.??.??"]
[Round "6"]
[White "Rocha, Sergio MC"]
[Black "El Amary, Kamal"]
[Result "1-0"]
[WhiteElo "2375"]
[BlackElo "2110"]
[PlyCount "81"]
[EventDate "1995.??.??"]
[EventType "schev"]
[EventRounds "9"]
[EventCountry "POR"]
[SourceTitle "CBM 046 Extra"]
[Source "ChessBase"]
[SourceDate "1995.07.01"]
[SourceVersion "1"]
[SourceVersionDate "1995.07.01"]
[SourceQuality "1"]

1. e4 c5 2. Nf3 Nc6 3. Bb5 a6 4. Bxc6 bxc6 5. 0-0 g6 6. d4 cxd4 7. Qxd4 f6 8. Re1 Bg7 9. c4 e5 10. Qd6 Bf8 11. Qd3 Nh6 12. b3 Nf7 13. Nc3 Bb4 14. Rd1 0-0 15. Na4 Be7 16. Be3 d6 17. Bb6 Qe8 18. c5 dxc5 19. Bxc5 Be6 20. Rac1 a5 21. h3 f5 22. exf5 gxf5 23. Qc3 Bxc5 24. Qxc5 Bd5 25. Rc3 Qe6 26. Re1 Kh8 27. Nb6 Rae8 28. Nc4 Rg8 29. Ncxe5 Nxe5 30. Rxe5 Qf6 31. Rxe8 Rxe8 32. Qxa5 Qg7 33. Re3 Qa1+ 34. Kh2 Rxe3 35. Qd8+ Kg7 36. Qg5+ Kh8 37. Qxe3 Qxa2 38. Nd4 Qb1 39. Qe7 h6 40. Qf8+ Kh7 41. Nxf5 1-0